Follow that Line - Father Ted Quiz Stats

 Plays Quiz not verified by Sporcle

Challenge
Share
Tweet
Embed
Score 0/18 Timer 15:00
0 Plays Today
% Correct
Feck off, cup!
97.8%
FECKIN' WATER!
94.6%
But the ones out there are far away.
91.4%
It's so vague and no one really knows what it's about.
90.7%
They'll never let me in that library again.
90.4%
No, no, he's my lover.
89.4%
Careful now.
87%
Oh no, best not; I don't want to blow up with excitement
84.6%
Is he never off the air?
84.4%
% Correct
You can tell just by the sound?
84.3%
No.
82.4%
Good night, Dougal.
82.2%
No luck then, Ted?
76.2%
Dougal! They're bishops!
75.5%
Reverse! Reverse!
74.5%
What's the problem there, sister?
71.4%
THAT WOULD BE AN ECUMENICAL MATTER!!!
45.4%
I like cake!
27.2%

You're not logged in!

Compare scores with friends on all Sporcle quizzes.
Join for Free
OR
Log In

You Might Also Like...

Show Comments

Extras

Top Quizzes Today


Score Distribution

Your Account Isn't Verified!

In order to create a playlist on Sporcle, you need to verify the email address you used during registration. Go to your Sporcle Settings to finish the process.

Report this User

Report this user for behavior that violates our Community Guidelines.

Details: